| 000 | 00849cab a2200241 4500 | ||
|---|---|---|---|
| 001 | WB2932-09 | ||
| 008 | 090401t1993 xxu||||| |||| 00| 0 eng d | ||
| 035 | _a(Sirsi) u11468 | ||
| 041 | _aeng | ||
| 245 | _aEC urged to ease regional aid rules | ||
| 260 | _c1993 | ||
| 350 | _a0 | ||
| 490 |
_aFinancial Times _v1 September 1993, 7(1) |
||
| 520 | _aThe Government has called on the EC to relax the rules which prevent regional aid being allocated to prosperous parts of the country. It hopes to use some of the aid to help counter-act the effects of defence cuts. The South West has been especially hard hit by job losses. | ||
| 650 | _aDEFENCE CUTS | ||
| 650 | _aEUROPEAN COMMISSION | ||
| 650 | _aREDUNDANCIES | ||
| 650 | _aREGIONAL AID | ||
| 650 | _aUNEMPLOYMENT | ||
| 690 | _aECONOMIC AND SOCIAL | ||
| 942 | _n0 | ||
| 948 | _c04/03/1997 | ||
| 999 |
_c7311 _d7311 |
||